| 000 | 00375nam a2200133Ia 4500 | ||
|---|---|---|---|
| 008 | 220216s9999 xx 000 0 und d | ||
| 100 | _aHeinisch H F | ||
| 245 | 0 | _aInfluence of factory water on the quality of rubber | |
| 260 |
_bRubber Research Institute of Ceylon Quarterly Journal _c1959 |
||
| 300 | _a32-37 | ||
| 650 | _aFactory water | ||
| 650 | _aRubber | ||
| 942 | _cJS | ||
| 999 |
_c61228 _d61228 |
||